| 000 | 00734nam a2200217 i 4500 | ||
|---|---|---|---|
| 001 | 100782 | ||
| 003 | ES-MaACL | ||
| 005 | 20251011063120.0 | ||
| 007 | t| | ||
| 008 | 051005s1958 sp ||||1| spa d | ||
| 100 | 1 |
_aMatilla Tascón, Antonio, _d1914-2001 _979079 |
|
| 245 | 1 | 0 |
_aCatálogo de la Biblioteca Central / _cpor Antonio Matilla Tascón, Carmen Nieto y Elisa Parra. |
| 260 |
_aMadrid : _bFábrica Nacional de Moneda y Timbre, _c1958. |
||
| 300 |
_a1 v. ; _c24 cm. |
||
| 500 | _aPrecede al tít.: Ministerio de Hacienda. | ||
| 700 | 1 |
_aNieto, Carmen. _985654 |
|
| 700 | 1 |
_aParra, Elisa. _989224 |
|
| 710 | 1 |
_aEspaña. _bMinisterio de Hacienda. _93874 |
|
| 852 |
_aES-MaACL _jE-3972 |
||
| 999 |
_c100782 _d100782 |
||